| 000 | 00558cam a2200181 a 4500 | ||
|---|---|---|---|
| 020 | _a0025471104 | ||
| 082 | 0 | 0 |
_a909 _bHAC _cD |
| 100 | 1 |
_aSir John Hackett, John Winthrop, _946094 |
|
| 245 | 1 | 4 |
_aThe Third World War : _bthe untold story / _cSir John Hackett. |
| 260 |
_aNew York : _bMacmillan, _cc1982. |
||
| 300 |
_axiii, 372 p. : _bmaps ; _c24 cm. |
||
| 500 | _aIncludes index. | ||
| 526 |
_a0 _b0 _c0 _d909_000000000000000_HAC |
||
| 650 | 0 |
_aImaginary wars and battles. _946095 |
|
| 650 | 0 |
_aMCE _9379 |
|
| 650 | 0 |
_aWorld War III. _946096 |
|
| 942 |
_2ddc _cBK |
||
| 999 |
_c549439 _d549439 |
||